Normal view
MARC view
- PLANE AND SOLID GEOMETRY
Entry Topical Term
001 - CONTROL NUMBER
- control field: 131911
003 - CONTROL NUMBER IDENTIFIER
- control field: NUST
005 - DATE AND TIME OF LATEST TRANSACTION
- control field: 20251114165451.0
008 - FIXED-LENGTH DATA ELEMENTS
- fixed length control field: 251114|| aca||aabn | a|a d
040 ## - CATALOGING SOURCE
- Original cataloging agency: NUST
- Transcribing agency: NUST
150 ## - HEADING--TOPICAL TERM
- Topical term or geographic name entry element: PLANE AND SOLID GEOMETRY
670 ## - SOURCE DATA FOUND
- Source citation: Work cat.: (NUST): N.D. BHATT, ENGINEERING DRAWING, 2010.
